000 00263nam a2200097Ia 4500
008 190216s9999||||xx |||||||||||||| ||und||
100 _aSreeman Namboodiri
245 0 _aThiranjedutha Nadodi Kathakal
260 _bSahithya Pravarthaka Sahakarana Sangam
942 _cBK
999 _c24728
_d24728